000 00615nam a2200145Ia 4500
008 200226s9999 xx 000 0 und d
020 _a978-1-119-54821-8
100 _aMarr, Bernard
245 _cBernard Marr, Matt Ward.--
_aArtificial intelligence in practice :
_bhow 50 successful companies used artificial intelligence to solve problems /
260 _aUnited Kingdom:
_bJohn Wiley & Sons, Inc.,
_c2019
300 _aviii , 340 pages :
_billustration ;
_c22 cm.
500 _aincludes bibligraphical reference and indexes.
650 _aArtificial intelligence.
650 _aInformation technology -- management.
999 _c362984
_d362984